000 00687cam a2200193 a 4500
001 000013870
005 20200929163358.0
008 841016s1984 ho abc 001 0 spa
040 _aDO-SdBNP
_cDLC
_dDLC
082 _a327.172
_bL864n
100 1 _aLópez Contreras, Carlos.
_931412
245 1 4 _aLas negociaciones de paz :
_bmi punto de vista /
_cCarlos López Contreras.
260 _aHondura :
_bs.n.],
_c1984
_e(Tegucigalpa, Distrito Central, Honduras, C.A. :
_fImpr. Lithopress)
300 _axi, 224 p. :
_bil., mapas ;
_c22 cm.
650 4 _aMediación internacional
_931413
650 4 _aConflictos internacionales
_91885
910 _aCatalogación por copia / LC
049 _aBNGR
999 _c13476
_d13476